000 00304nam a22001337a 4500
008 181101b xxu||||| |||| 00| 0 eng d
020 _a156053222
041 _aeng
080 _a610
100 _a4
101 _aSHM
245 _aCommon Foot Problems In Ptrimary Care
_cBirrer.D
942 _2udc
_cBK
999 _c51406
_d51406